Movies Quiz

Random Movies or Pokémon Quiz

Guess random pokemon Quiz Stats

Quiz not verified by Sporcle

Challenge
Share
Tweet
Embed
Score 0/18 Timer 04:00
0 Plays Today
pokemon hint pokemon % Correct
????
100%
????
95.2%
????
85.7%
????
83.3%
????
83.3%
????
83.3%
????
83.3%
????
81%
????
81%
pokemon hint pokemon % Correct
????
81%
????
73.8%
????
61.9%
????
61.9%
????
50%
????
23.8%
????
23.8%
????
23.8%
????
21.4%

You're not logged in!

Compare scores with friends on all Sporcle quizzes.
Join for Free
OR
Log In

You Might Also Like...

Show Comments

Extras

Created Jan 6, 2016ReportNominate
Tags:Pokémon Quiz

Top Quizzes Today


Score Distribution

Your Account Isn't Verified!

In order to create a playlist on Sporcle, you need to verify the email address you used during registration. Go to your Sporcle Settings to finish the process.

Report this User

Report this user for behavior that violates our Community Guidelines.

Details: